| 000 | 01192nam a2200325 4500 | ||
|---|---|---|---|
| 001 | 0000015190 | ||
| 003 | CO-CtgCURN | ||
| 005 | 20250331184353.0 | ||
| 007 | ta | ||
| 008 | 160627s1980 000 0 eng d | ||
| 020 | _a8433004417 | ||
| 040 |
_aCO-CtgCURN _bspa _ccoctgcurn |
||
| 082 | 0 |
_a301.1552 _bM45o |
|
| 100 | 1 | _aMilgram, Stanley. | |
| 245 | 1 | 0 |
_aObediencia a la autoridad : _bun punto de vista experimental / _cStanley Milgram , version española de Javier Goitia. |
| 260 |
_a[Bilbao] : _bDesclee de Brouwer, _c1980. |
||
| 300 | _a208 p. | ||
| 336 | _2rdacontent | ||
| 337 |
_2rdamedia _asin mediacion _bn |
||
| 338 |
_2rdacarrier _avolumen _bnc |
||
| 490 | 1 |
_aBiblioteca de psicología ; _v9 |
|
| 500 | _aColección José Francisco Socarras\Titulo original. Obedidience to authority an experimental view. | ||
| 504 | _aBibliografia(p. 203-208) | ||
| 505 | 8 | _aObediencia.--Autoridad.--por que se obedece.--Cambios de rol.--ploblemas de metodo | |
| 650 | 1 | 4 | _aAutoridad (Psicología social) |
| 700 | 1 |
_aGoitia, Javier, _eTraductor. |
|
| 908 | _a160627 | ||
| 942 |
_cBK _h301.1552 _iM45o _2ddc |
||
| 999 |
_c17592 _d17592 |
||